Loading...
| AG | 2 | 15.00 | 100% | 50% | 0% |
| AR | 1 | 20.00 | 100% | 0% | 100% |
| AW | 2 | 20.00 | 50% | 100% | 50% |
| AW> | 1 | 10.00 | 0% | 0% | 100% |
| BB | 6 | 11.67 | 50% | 17% | 50% |
| DM | 3 | 10.00 | 33% | 67% | 0% |
| KD | 1 | 20.00 | 100% | 0% | 100% |
| MB | 7 | 14.29 | 57% | 71% | 14% |
| MV | 1 | 20.00 | 100% | 0% | 100% |
| RC | 1 | 20.00 | 100% | 100% | 0% |
| RR | 2 | 15.00 | 50% | 50% | 50% |
| TR | 9 | 14.44 | 44% | 44% | 56% |
| AG | 4 | 10.00 | 25% | 50% | 25% |
| AK | 1 | 20.00 | 100% | 100% | 0% |
| AR | 2 | 30.00 | 100% | 100% | 100% |
| AW | 1 | 20.00 | 0% | 100% | 100% |
| BB | 10 | 12.00 | 40% | 40% | 40% |
| DM | 3 | 20.00 | 100% | 33% | 67% |
| KD | 1 | 20.00 | 100% | 100% | 0% |
| MB | 5 | 14.00 | 40% | 40% | 60% |
| MV | 1 | 10.00 | 0% | 100% | 0% |
| RC | 8 | 16.25 | 63% | 50% | 50% |
| RR | 9 | 17.78 | 67% | 33% | 78% |
| TR | 12 | 16.67 | 50% | 75% | 42% |
| 2 | 20.00 | 100% | 0% | 100% |